[Event "Germain Laplante op"]
[Site "Chambly CAN"]
[Date "2024.04.28"]
[Round "5.1"]
[White "Migot, Tangi"]
[Black "Duong, Thanh Nha"]
[Result "1-0"]
[WhiteElo "2467"]
[BlackElo "2293"]
[Annotator "John Upper"]
[PlyCount "85"]
[EventDate "2024.04.26"]
[EventType "swiss"]
[EventRounds "5"]
[EventCountry "CAN"]
[SourceTitle "Chess Canada '24.08"]
[Source "CFC/John Upper"]
[SourceDate "2024.08.27"]
[SourceVersion "1"]
[SourceVersionDate "2024.08.21"]
[SourceQuality "1"]

1. Nf3 d5 2. g3 Nc6 3. d4 Bf5 4. Bg2 Nb4 {[#]This looks like a beginner's
lunge, but it's actually the main move, and has been played by Carlsen, Ding,
and Kramnik, to mention only the World Champions. Even though the Nb4 will go
back to c6 (or sometimes a6), Black's idea is that the two moves White gets
"for free" -- Na3 and c2-c3 -- are not very useful in general, and are utterly
worthless for White's usual strategy here: to improve the Bg2 by fighting for
the long diagonal with c4 and Nc3. Amusingly, 4...Nb4 is SF16's top pick, and
after the forced...} 5. Na3 {... SF opts for the as-yet-unplayed 5...Nc6, with
a small plus for White.} e6 6. Nh4 Bg6 7. c3 Nc6 8. Qb3 Rb8 9. Nxg6 hxg6 10. e4
$1 {[#]White has the two bishops and an open center, which has to be +/- in
the long run.  Over the next few moves Black trades his Nf6 for the Na3, in
effect, trading White's worst minor piece for a piece that was guarding the
place his king is going to go.} dxe4 11. Bxe4 Nf6 12. Bg2 Be7 13. Nc4 Nd5 14.
Ne3 Nxe3 15. Bxe3 Bf6 16. h4 {[#]} a6 $6 (16... Ne7 $142 $16 {and White may
have to give up the B-pair to push d5.}) 17. d5 $1 exd5 18. Bxd5 {Material is
equal, but after a few seconds SF16 rates this position +2.5; and at 30 ply it
is up to +3.} O-O 19. O-O-O Qc8 20. h5 gxh5 21. Rxh5 Qg4 22. Rdh1 g6 23. Rh7
Bg7 24. Bc5 {[%mdl 32832] [#] Critical Position Hitting the best defender of
f7, which can't move without allowing Bxf7#. But what happens after ...Na5?}
Na5 25. Bxf7+ $1 {Best and simplest. From here to move 30 both sides play the
best -- and only -- moves.} ({White has other ways to win, but they are less
direct, with side branches that make them harder to calculate.} 25. Qa3 Qg5+
26. f4 Qxd5 27. Rxg7+ $8 (27. Bxf8 $4 Rxf8 $8 $19) 27... Kxg7 28. Bd4+ $8 f6 $6
29. Qe7+ Qf7 30. Bxf6+ Kg8 31. Rh8#) 25... Rxf7 26. Rxg7+ Kxg7 27. Rh7+ Kxh7
28. Qxf7+ Kh6 29. Be3+ g5 {[#]} 30. f4 Rg8 $1 {Best. Otherwise fxg5+ wins the
Q.} 31. Qxg8 Qxg3 32. fxg5+ {All that for an extra pawn? No: it's an extra
passed pawn, and an exposed K to attack, and B vs N.} Kh5 33. Qf7+ Kg4 34. Qe6+
Kh5 {[#]} 35. Bd2 $1 {Tidying up: putting the B on a safe square and guarding
the K from checks.} Nc6 36. Qf5 Qe5 37. Qf7+ (37. Qxe5 $4 Nxe5 $11) 37... Kh4
38. g6 Qe4 39. Qf6+ Kg3 40. Qg5+ Kf2 {[#]} 41. b3 $1 (41. g7 {also wins, but
why worry about the checks on the light squares when you can simply make a
safe space on b2?}) 41... Ne5 42. Qe3+ $1 {Nice finish.} Qxe3 43. Bxe3+ 1-0

[Event "Paul Keres mem (48th)"]
[Site "Surrey CAN"]
[Date "2024.05.19"]
[Round "3.2"]
[White "Doknjas, Neil"]
[Black "Cheng, Bindi"]
[Result "1-0"]
[WhiteElo "2363"]
[BlackElo "2443"]
[Annotator "John Upper"]
[PlyCount "73"]
[EventDate "2024.05.18"]
[EventType "swiss"]
[EventRounds "6"]
[EventCountry "CAN"]
[SourceTitle "Chess Canada '24.08"]
[Source "CFC/John Upper"]
[SourceDate "2024.08.27"]
[SourceVersion "1"]
[SourceVersionDate "2024.08.21"]
[SourceQuality "1"]

{[%mdl 40960]} 1. e4 c5 2. Nf3 d6 3. d4 cxd4 4. Nxd4 Nf6 5. Nc3 a6 6. Be3 e6 7.
f3 b5 8. Qd2 Nbd7 9. g4 {[#]} Nb6 $6 {Kasparov and Anand both played this as
Black 20 years ago, but it has completely disappeared from top level chess due
to the maneuver we see in the game. Top players now try to slow White down
with:} (9... h6 {or}) (9... b4 10. Na4 (10. Nce2 h6 11. O-O-O Qc7 12. h4 d5 $1
$13 {Akopian,V (2638)-Inarkiev,E (2693) FIDE Chess.com Grand Swiss 2019 (9) 1/
2-1/2}) 10... h6 11. O-O-O Ne5 $1 {Analysis Diagram [#] Reaches a famous
Topalov pawn sac idea that lead to one of Kramnik's shortest ever defeats:} 12.
Qxb4 (12. b3 Bd7 13. Nb2 d5 $13 {Carlsen,M (2839)-Vachier Lagrave,M (2727) AI
Cup Div 1 W rapid 2023 (3.3) 1-0}) 12... Bd7 13. Nb3 $6 (13. Nc3 $13) 13... Rb8
14. Qa3 Nxf3 15. h3 Nxe4 $19 16. Be2 Ne5 17. Rhe1 Qc7 18. Bd4 Nc6 19. Bc3 d5
20. Nbc5 Qa7 {Kramnik,V (2754)-Topalov,V (2757) Corus Wijk aan Zee 2005 (2) 0-1
}) 10. a4 $1 Nc4 11. Bxc4 bxc4 {[#]} 12. g5 ({White can also play on the
queenside with:} 12. a5 $5 Bb7 13. Na4 d5 14. g5 Nd7 15. O-O-O dxe4 16. f4 $1
Rb8 17. Qc3 $1 Qe7 18. Nf5 $6 (18. Nb6 $16) 18... exf5 19. Rxd7 $1 Qxd7 20.
Qe5+ Be7 21. Qxb8+ Qc8 $11 {Leko,P (2734)-Shirov,A (2718) EU-Cup 28th Eilat
2012 (3.2) 0-1}) 12... Nd7 {[#] Black has no developed pieces, having spent 4
moves to get his b-pawn to c4, but the open b-file looks like it might give
Black a deadly attack should White be daring enough to castle long...} 13.
O-O-O $3 $146 {... which he does! A Novelty, and the computer's top choice.
All the older games continued with kingside pawn storms, which is also good; e,
g,} (13. f4 Bb7 14. f5 $1 Nc5 15. Qg2 $1 $16 g6 16. fxe6 (16. O-O-O $1 {e.g.}
gxf5 17. Nxf5 exf5 18. Bxc5 $18) 16... fxe6 17. Rf1 Qd7 18. Nde2 Bg7 19. O-O-O
$16 {Areshchenko,A (2710)-Shirov,A (2718) EU-Cup 28th Eilat 2012 (6.2) 1-0})
13... Bb7 {Of course, the bishop interferes with Black's play on the b-file,
but the attempt to pile up on the b-file is too slow, and going after the
a-pawn with ...Qa5 and ...Nb6 traps and loses the Q to Nc6!  If you're going
to try this as White, it will be reassuring to know that the most direct
b-file counterattack does not work, so long as White plays accurately and
boldly:} (13... Rb8 $2 {is obviously too soon} 14. Nc6 $18) (13... Qc7 14. Rhe1
$8 $16 Rb8 {Analysis Diagram [#] If it was Black's move, ...Qb7 would give him
a large advantage, but White strikes first with} 15. Nf5 $3 $18 {A typical
strike, and the only move that gets an advantage. Here are two illustrative
lines:} exf5 (15... Qb7 16. Nxd6+ Bxd6 17. Qxd6 Qxb2+ 18. Kd2 $18 {Material is
equal, and both kings are in the center, but White's rooks and minor pieces
are ready to pounce.}) 16. exf5 Ne5 (16... Qb7 17. Bb6+ $1 $18) 17. Nd5 Qb7 18.
Bb6 Be7 {[%mdl 64] Analysis Diagram [#] Critical Position White to play and
win in the old style.} 19. Rxe5 (19. f4 $4 Nd3+ $19 {and takes on d5.}) 19...
dxe5 20. Nc7+ $1 Kf8 21. Qd8+ $1 Bxd8 22. Bc5+ $8 Be7 23. Rd8# {I gotta
believe this whole line, right to its pretty finish, has been played in
skittles at least once.}) 14. h4 Qa5 15. h5 Nb6 {[#] Without ...Bb7, Nc6 would
trap the black Q.} 16. g6 Nxa4 17. gxf7+ Kxf7 18. Nxa4 Qxa4 {[#] The last few
moves have been perfectly sensible: White has opened lines on the kingside and
Black has won the a4-pawn and threatens mate on a1. What should White do with
his K?} 19. Qh2 $6 $14 ({We've transposed to a game between a couple of strong
players where White continued optimally before going wrong in complications:} 
19. Kb1 $142 $18 {Analysis Diagram [#]} a5 (19... Rc8 20. Qh2 {or} (20. Qc3)) (
19... c3 $2 {goes nowhere} 20. Qxc3 Rc8 21. Qb3 $2 (21. Qd2 $18) 21... Qxb3 22.
Nxb3 Be7 $13) 20. Rhg1 Qd7 21. Bg5 (21. h6 $142 $1) 21... a4 22. h6 $1 g6 23.
Qc3 $1 e5 24. Qxc4+ $18 (24. f4 $1 $18 exd4 25. Qxc4+ $18) 24... d5 25. exd5
Bxd5 26. Qc3 (26. Nb5 $4 Bxc4 $11 27. Rxd7+ Ke6 28. Rb7 $13 {Doluhanova,E 
(2334)-Lagarde,M (2521) Avoine op 29th 2014 (4) 0-1}) 26... Rc8 27. Nc6 $1 Qxc6
28. Qxe5 $18 {forking the Bd5 and Rh8 and rooting out the exposed K; Black's
check on c2 is utterly useless.}) 19... c3 $1 ({Black's not going to fall for
this:} 19... Qa1+ 20. Kd2 Qxb2 21. Rb1 $18) 20. bxc3 {[#]} Rc8 $2 {Chess is a
hard game. This was obviously the point of ...c3, but it's second best, and in
wild positions second best loses.} (20... e5 $142 $14 {looks crazy, since it
hands White g5, but the computer shows White is too slow to use it.} 21. Nf5
Bc8 $1 $13 {Black will take the N, and d6 is defended by ...Qa3+.} (21... Rc8
$2 {leads to a ridiculous computer line that looks totally lost, until you see
the last move:} 22. Rd3 $1 a5 23. Rg1 $1 Ba6 24. Qh3 $8 Bxd3 {Black threatens
mate on c2 and the Bd3 is untouchable, but} 25. Nxd6+ $8 $18 {and suddenly all
of White's pieces make sense.})) 21. Rd3 $1 $16 {Good.} ({Even better is} 21.
h6 $3 $18 {White wants to play this, but giving up c3 with check is unhuman.}
Qa3+ (21... Qa1+ 22. Kd2 Qxc3+ 23. Ke2 g6 24. Qf4+ $18) (21... g6 {notice how
many of White's moves exploit the weakened dark squares:} 22. Qf4+ $8 Kg8 23.
Qf6 {threat Qxe6#.} Qa1+ 24. Kd2 Qxc3+ 25. Ke2 Qc7 26. Nxe6 Qf7 27. Qxf7+ Kxf7
28. Ng5+ Ke8 29. Bd4 $18 {White's advanced h-pawn will cost Black a piece.})
22. Kd2 Rxc3 23. hxg7 Bxg7 (23... Rxe3 24. gxf8=Q+ {and Qf4+ and White's up a
R.}) 24. Qh5+ Ke7 25. Bg5+ $18) 21... Be7 (21... e5 $1 {transposes to a
previous note.}) 22. Rg1 Qd7 {[#]} 23. e5 $6 (23. Qf4+ $142 {is better, but
this is a hard combo to see:} Bf6 24. e5 $3 dxe5 25. Rxg7+ $3 Kxg7 26. Nf5+ $18
) 23... Rhe8 24. Bg5 Bf8 {[#]} 25. Qf4+ $6 (25. Bh6 $142 $3 dxe5 (25... Kg8 26.
Bxg7 Bxg7 27. h6 $18) (25... gxh6 26. Qf4+ Ke7 27. Qf6#) 26. Qxe5 gxh6 27. Nf5
$1 $18 {threatening the Q and mate with Rg7.}) 25... Kg8 26. Bf6 $1 Qf7 27.
exd6 $8 {[#]} Bxd6 (27... e5 28. Nf5 $1 (28. Bxe5 $18 {wins too.}) 28... Qxf6
29. Nh6+ Kh8 30. Qxf6 gxf6 31. Rg8#) 28. Qh4 $4 {Allows Black a weird but
saving resource.} (28. Qg5 $142 $1 Rc7 $5 (28... Bf8 29. Bxg7 Qxg7 30. Qe3 $1
$18) (28... Be7 29. Qxg7+ $18 {is the big difference between Qh4 and Qg5.}) 29.
Nb5 $1 $18 {attacking the B the R and guarding against ...Ba3+. This wins, but
it has a "random tactics" feel to it at the end.} (29. Bxg7 $4 Bf4+ $19) 29...
axb5 30. Rxd6 Bxf3 31. Qe5 Qxh5 32. Bxg7 Qxe5 33. Bxe5+ Kf8 34. Rd3 {double
attack on c7 and f3.} Rf7 $8 35. Bd6+ $18 {wins an exchange.}) 28... Be7 $1 $11
{Which he finds! Defending g7 by pinning the B to the Q! Black is equal.} ({
White certainly saw this:} 28... Bf8 $4 29. Bxg7 Bxg7 30. h6 $18) 29. Bxe7 (29.
Rxg7+ $4 Qxg7 $19 {oops.}) 29... Rxe7 30. f4 {[%mdl 32] [#]Critical Position}
Rf8 $4 {If his bishop was on d5 Black would be fine, but here it loses to the
exact line White plays in the game.} (30... Rd7 $8 $11 {frees the Q from
defending the R.} 31. Rdg3 Qf8 $8 $11 {Defending g7 with the R and hitting a3:
White won't like what happens to his K if he takes on e6.}) ({Reversing the
move order doesn't work:} 30... Qf8 31. f5 $18 exf5 32. Nxf5 Rec7 (32... Re4
33. Qg5 $18) 33. Nxg7 Rxg7 34. Rxg7+ Qxg7 35. Rg3 $18 {Funny how White's only
defensive move (Rd3) turns out to be part of the winning attack.}) 31. f5 $8
$18 Qf6 (31... Bd5 32. h6 $1 $18) (31... exf5 32. Nxf5 $18 {threatens the Re7
and Nh6+, which can both be covered by} Re6 {but that loses to} 33. Rxg7+ $18)
32. Qxf6 $8 Rxf6 33. Nxe6 $1 {[#] Exchange sacs don't save Black because of
the skewers along the 7th.} Rxf5 34. Rd8+ Kf7 35. Ng5+ $8 Kf6 36. Rf8+ Ke5 37.
Re1+ {Black will have too many bits hanging after Rxd7.} 1-0

[Event "Ontario op"]
[Site "Toronto CAN"]
[Date "2024.05.20"]
[Round "6.2"]
[White "Vettese, Nicholas"]
[Black "Stevens, Christian"]
[Result "1-0"]
[WhiteElo "2247"]
[BlackElo "2252"]
[Annotator "John Upper"]
[PlyCount "49"]
[EventDate "2024.05.18"]
[EventType "swiss"]
[EventRounds "6"]
[EventCountry "CAN"]
[SourceTitle "Chess Canada '24.08"]
[Source "CFC/John Upper"]
[SourceDate "2024.08.27"]
[SourceVersion "1"]
[SourceVersionDate "2024.08.21"]
[SourceQuality "1"]

{[%mdl 40960][%evp 0,49,25,25,53,32,58,48,41,43,69,47,64,41,58,48,54,42,57,35,
48,37,56,7,15,21,41,11,13,11,17,6,12,-10,9,0,10,14,31,18,35,41,1,0,135,13,236,
244,244,243,241,253]} 1. e4 c5 2. Nf3 e6 3. d4 cxd4 4. Nxd4 a6 5. Bd3 Bc5 6.
Nb3 Be7 7. Qg4 g6 8. Qe2 Qc7 {[#]White's Q maneuver to g4 induced Black to
play checkers with his pawns, leaving White with potential play against the
dark squares.} 9. h4 $146 {Hard to believe, but this natural move seems to be
a novelty. Maybe chess isn't fully "played out"?} (9. O-O d6 10. c4 Nc6 11. Nc3
Ne5 12. h3 h5 $6 13. Be3 Nf6 14. Bg5 h4 $6 15. f4 Nxd3 16. Qxd3 Rh5 17. Qd4 $18
{Licznerski,L (2439)-Stevens,C (2260) Titled Tuesday intern op 03rd May Late
blitz 2022 (1) 1-0 Black gets pummelled on the dark squares.}) 9... h5 $14 10.
Bg5 {Developing and trading the best defender of the dark squares.} d6 11. Bxe7
Qxe7 12. Nc3 Nf6 13. O-O-O Nc6 {[#]If the Nb3 was on f3, then the immediate e5
would be strong. Here, White has a choice of sensible deployments, including
Qd2 (vs d6) and Rhe1 (looking for Nc3-d5).} 14. Qe3 b5 15. Be2 Bb7 16. f4 b4
17. Na4 $14 {[#]} Kf8 $5 {Keeping the R on h8 discourages g4 and h5 breaks.} ({
The computer prefers} 17... O-O $14 {, but it requires good nerves -- and the
ability to correctly judge the position in the next diagram.} 18. g4 $5 (18. e5
Nd5 $13) 18... Nxg4 $1 (18... hxg4 $2 19. h5 $18 gxh5 20. e5 Nd5 21. Rxd5 $8
exd5 22. Rxh5 $18) 19. Bxg4 hxg4 20. h5 {[%mdl 64] Analysis Diagram [#]
Critical Position Is Black busted?} g5 $8 {Not if he plays this.} 21. fxg5 Ne5
$13 {the pawns on g-file look like they should be the opposite colours.
White's g- and h- pawns look dangerous, but g5-g6 is met by ...f5!, and the
difference in quality between the Na4 and Ne5 gives Black full equality.
Black's pawn sac with g7-g5 to get the e5 outpost is common in this structure,
but unusual to see when White's kingside play seems so far advanced.}) 18. Nb6
Rd8 $13 19. e5 (19. Rhf1 Kg7 $13) 19... dxe5 {[#]} 20. Rxd8+ Nxd8 (20... Qxd8
$2 {doesn't look terrible, but the white pieces are too active.} 21. fxe5 Nd5
22. Nxd5 Qxd5 23. Bf3 $18 Qb5 (23... Qd7 24. Nc5 $18 {and Qc5+ wins the Nc6.})
24. Qf4 $18 {aiming for Qf6 and Rd1-d7/8. Black will have to pay to activate
his R.}) 21. Qxe5 {[%mdl 64] [#] Critical Position ...Kg7 or ...Bg2?} Bxg2 {
Playbable, but obviously dangerous with the rikety kingside. Any mistake now
will be fatal.} ({Black can slow play to equality with} 21... Kg7 {which looks
dangerous, but ...Nc6 will break the pin by forcing the Q off the diagonal.}
22. Rd1 Nc6 23. Qe3 (23. Rd7 $4 Qxd7 $19) 23... Rd8 $11) 22. Rg1 {[%mdl 64]}
Bd5 $4 {A fatal mistake.} (22... Bb7 $2 23. Nc5 $1 {threat Nbd7+} Rg8 {putting
the R on a safer square.} (23... Kg7 24. f5 $8 $18 Re8 25. fxg6 $8 fxg6 26.
Bxh5 $18) 24. Nxb7 Qxb7 25. Qxf6 $18 Qxb6 26. Rd1 $8 Qe3+ 27. Kb1 $8 $18) (
22... Kg7 $8 23. Rxg2 Qb7 {forking the R and N recovers the piece. Black still
has a lot of holes, but also an extra pawn; e.g.} 24. Rg3 Qxb6 25. Nc5 Qc6 $8 (
25... Nc6 $4 26. Qxf6+ $18) 26. Bf3 $1 {Taking on a6 with either piece loses
to ...Qh1+ followed by a fork from h2 or ...Nc6 and activating the Rh8.} Qb5
27. Be2 Qc6 $11) 23. Nc8 $8 $18 {Deflecting the Q and winning the Nf6 with a
tempo on h8.} Nc6 24. Nxe7 Nxe5 25. Nxd5 1-0

[Event "Eastern Ontario Open"]
[Site "Ottawa, Canada"]
[Date "2024.06.15"]
[Round "2.1"]
[White "Gordon, David"]
[Black "Sambuev, Bator"]
[Result "1-0"]
[WhiteElo "2167"]
[BlackElo "2561"]
[Annotator "John Upper"]
[PlyCount "47"]
[EventDate "2024.??.??"]
[SourceTitle "Chess Canada '24.08"]
[Source "CFC/John Upper"]
[SourceDate "2024.08.27"]
[SourceVersion "1"]
[SourceVersionDate "2024.08.21"]
[SourceQuality "1"]
[WhiteClock "0:48:05"]
[BlackClock "0:41:42"]

{[%mdl 40961]} 1. c4 e5 2. g3 Nc6 3. Nc3 g6 4. Bg2 Bg7 5. e4 d6 6. Nge2 {
[#]The Botvinnik System. This is a kind of "formula" opening, since White's
setup --- c4, e4, d3, g3, Nc3, Bg2, Ne2 -- can be played almost without
looking at what Black does. White also gets a safe position without conceding
space. All of which make it an appealing repertoire choice for White.   Even
so, strong players should not be unhappy to face it as Black: unlike other
formula openings -- the London, Colle, King's Indian Attack, Hippo -- the
Botvinnik creates a more strategically complex middlegame, since the central
pawn tension can be resolved in different ways by both sides, and because the
only likely piece exchanges -- knights on d4 or d5 -- also dramatically change
the pawn structure. So there is plenty of scope for the better player to prove
it... on both sides.} Nh6 $5 7. h4 $5 f5 8. d3 Nf7 {[#]  SF16 rates this
postion at around +0.25 after several moves -- h5, Be3, b4, exf5 -- but Black
outscores White from here in performance rating: Elo+50 vs Elo-40.  Does the
wider range of decent options for White make it more likely that White will go
wrong over the long run, giving the higher-rated Black players a better chance
of winning? Or maybe White players who opt for the Botvinnik System
underestimate the complexity of the middle games they reach?} 9. Be3 (9. Nd5
Ne7 10. h5 Nxd5 11. hxg6 hxg6 12. Rxh8+ Bxh8 13. cxd5 $14 Bd7 14. Qb3 b5 15.
Be3 a5 16. Rc1 b4 17. Qc4 f4 18. Bd2 Ra7 19. a3 Qf6 $2 20. f3 $2 ({Both
players overlook a fantastic tactic:} 20. Bh3 $3 $18 Bxh3 21. Qb5+ Ke7 22. Qb8
$18) 20... Bg7 21. axb4 axb4 22. Qxb4 Nd8 $1 $16 {Kostenko,P (2466)-Short,N 
(2664) Kolkata GM op 2nd 2015 (4) 0-1}) 9... Nd4 10. Qd2 ({Bator had been here
before:} 10. h5 g5 11. h6 Bf6 12. Nd5 $2 (12. exf5 $142 $14) 12... Nxe2 13.
Qxe2 f4 $1 $15 {Rodrigue Lemieux,S (2303)-Sambuev,B (2504) Quebec-ch Montreal
2021 (2.1) 0-1}) 10... c6 11. O-O-O {[#]} Be6 (11... h5 $5) 12. h5 Qa5 13. hxg6
hxg6 14. Rxh8+ Bxh8 15. Kb1 O-O-O 16. f4 Kb8 {[#]} 17. Nxd4 $1 {Creating a
fork on d4 seems stupid, but after...} exd4 18. Ne2 {... the N is safe and the
black Q is attacked, so there's no time to take the B.  The exchange on d4 has
reduced the pawn tension in the center -- which makes things easier for the
lower-rated player -- and the Bh8 means White will get to enjoy the h-file for
one move before Black can contest it with his R.} Qb6 $5 {Keeping the queens
on and defending d4, but Black's Q is not well-placed here.} (18... Qxd2 19.
Bxd2 Bf6 20. Rh1 $11) 19. Bf2 Nh6 (19... c5 {shoring up d4 is better in
compter terms, but Black would be very hard-pressed to create any winning
chances after:} 20. Rh1 $14) 20. Rh1 $1 {[%mdl 64] [#] Critical Position
Black's Nh6 is attacked. Which of these moves should Black NOT play: ...Bg7, ..
.Ng4, or ...fxe4?} Bg7 $4 {9min 45 sec on this -- Black's longest think of the
game so far -- and it's a lemon. White is better in all lines, but the other
two options were not forced losses:} (20... fxe4 $142 21. dxe4 (21. Bxe4 $5 Nf5
22. g4 Ne3 23. g5 $16) 21... Nf7 (21... Ng4 $2 22. Rxh8 $18) 22. Bxd4 Bxd4 23.
Nxd4 Bxc4 24. Qc3 $1 $16) (20... Ng4 $142 21. Rxh8 $8 $16 Rxh8 22. Bxd4 Qd8 23.
Bxh8 Qxh8 $16 24. Qc3 Qh2 25. Bf3 $16 {Black's Q activity looks tremendous,
but there's a snag: if} Qf2 $2 26. Qd4 $3 $18 {and White wins!}) 21. Rxh6 $8
$18 {Some fish have teeth.} Bxh6 22. Nxd4 $8 {[#]} Bxc4 {Desperado.} (22... Bd7
23. Nxf5 $18 {with a double attack on b6 and h6.}) 23. dxc4 Qa6 24. Ne6 $1 {
One mistake and it was all over for Black.} (24. Ne6 Rd7 {saves the R and d6,
but} 25. Nc5 {is fini.}) 1-0